01014nam a2200253 i 4500001000700000003000900007005001700016007000300033008004100036080003100077080001900108100002800127245016000155260003400315300005200349490003400401500004300435650003800478650002800516830004200544852003300586999001900619952012200638104876ES-MaACL20250824035313.0t|060518s1905 fr ||||1| fre d a725.822.036(443.61 P.)"18" a792(443.61 P.)1 aBeaulieu, Henri.92681914aLes théâtres du boulevard du crime b: cabinets galants, cabarets, théatres, cirques, bateleurs. De Nicolet Déjazet (1752-1862) / cHenri Beaulieu. aParis : bH. Daragon, c1905. a180 p., [1] h. pleg. de map. : bil. ; c23 cm.1 aBibliothèque du vieux Paris aBiblioteca Jacinto Martínez Lacalle.14aTeatros-zParís-yS.XIX.91739714aTeatro-zParís9173160 aBibliothèque du vieux Paris9232657 aES-MaACLjE-11216 bR.138928 c104876d104876 00104070aATENEOMbATENEOMcDEPO2d2008-01-17eSCl0oE-11216p1109490r2023-02-23 00:00:00w2023-02-23yMONOGRAFIA